Lord Edgware dies (Record no. 34038)

MARC details
000 -LEADER
fixed length control field 00259nam a2200109Ia 4500
082 ## - DEWEY DECIMAL CLASSIFICATION NUMBER
Classification number 82-3
Item number CHR
100 ## - MAIN ENTRY--AUTHOR NAME
Personal name Christie, Agatha
245 #0 - TITLE STATEMENT
Title Lord Edgware dies
260 ## - PUBLICATION, DISTRIBUTION, ETC. (IMPRINT)
Place of publication Glasgow
Name of publisher Fontana
Year of publication 1978
942 ## - ADDED ENTRY ELEMENTS (KOHA)
Koha item type Books
Holdings
Withdrawn status Lost status Damaged status Not for loan Home library Current library Date acquired Cost, normal purchase price Full call number Accession Number Koha item type
        RRII Library RRII Library 16/12/2021 70.00 82-3 CHR 14479 Books